<?xml version="1.0" encoding="UTF-8"?>
<collection xmlns:xsi="http://www.w3.org/2001/XMLSchema-instance" xsi:schemaLocation="http://www.loc.gov/MARC21/slim http://www.loc.gov/standards/marcxml/schema/MARC21slim.xsd" xmlns="http://www.loc.gov/MARC21/slim">
 <record>
  <leader>00000cam a22000003a 4500</leader>
  <controlfield tag="001">UP-1685594773861924114</controlfield>
  <controlfield tag="003">Buklod</controlfield>
  <controlfield tag="005">20130725093436.0</controlfield>
  <controlfield tag="006">g||| |     ||   ||</controlfield>
  <controlfield tag="007">ta</controlfield>
  <controlfield tag="008">130725s2011    xx     d     r    |||| u|</controlfield>
  <datafield tag="035" ind1=" " ind2=" ">
   <subfield code="a">(iLib)UPBAG-00010937606</subfield>
  </datafield>
  <datafield tag="090" ind1=" " ind2=" ">
   <subfield code="a">GE 145</subfield>
   <subfield code="b">P45 2011</subfield>
  </datafield>
  <datafield tag="110" ind1="1" ind2=" ">
   <subfield code="a">Philippines.</subfield>
   <subfield code="b">Department of National Defense. National Disaster Risk Reduction Management Council (NDRRMC).</subfield>
  </datafield>
  <datafield tag="245" ind1="0" ind2="0">
   <subfield code="a">National disaster risk reduction and management plan 2011-2028.</subfield>
  </datafield>
  <datafield tag="264" ind1=" " ind2="1">
   <subfield code="a">[Quezon City]</subfield>
   <subfield code="b">National Disaster Risk Reduction Management Council (NDRRMC),Department of National Defense</subfield>
   <subfield code="c">[2011?].</subfield>
  </datafield>
  <datafield tag="300" ind1=" " ind2=" ">
   <subfield code="a">[xiii], 75 p.</subfield>
   <subfield code="b">ill., maps</subfield>
   <subfield code="c">30 cm.</subfield>
  </datafield>
  <datafield tag="505" ind1="0" ind2=" ">
   <subfield code="a">The Philippines' at risk and state of DRRM: Progress in DRRM -- Gaps and lessons learned -- RA 10121: Philippine Disaster Risk Reduction Management Act -- National Disaster Risk Reduction Management Framework, Related National Plans and Policies -- National Disaster Risk Reduction Management Plan: NDRRMP thematic areas -- Thematic area 1: Disaster prevention and mitigation -- Thematic area 2: Disaster preparedness -- Thematic area 3: Disaster response -- Thematic area 4: Disaster rehabilitation and recovery -- List of NDRRMP priority projects -- Cross-cutting concerns -- Implementation strategies -- Implementation mechanisms -- Resource mobilization,Monitoring and evaluation -- Annexes: A. Progress on the implementation of the Hyogo Framework for Action and Philippines Strategic National Action Plan for Disaster Risk Reduction -- B. Hyogo Framework for Action and the National Disaster Risk Reduction and Management Plan (NDRRMP) -- C. Philippine Development Plan (PDP) 2011-2016 and the National Disaster Risk Reduction and Management Plan -- D. National Climate Change Adaptation Action Plan (NCCAAP) -- E. Development of the NDRRMP -- F. Narrative Summary of the NDRRMP.</subfield>
  </datafield>
  <datafield tag="520" ind1=" " ind2=" ">
   <subfield code="a">The National Disaster Risk Reduction and Management Plan (NDRRMP)fulfills the requirement of RA No.10121 of 2010,which provides the legal basis of policies, plans and programs to deal with disasters. The NDRRMP covers four thematic areas, namely, (1) Disaster Prevention and Mitigation; (2)Disaster Preparedness; (3)Disaster Response; and (4) Disaster Rehabilitation and Recovery,which correspond to the structure of the National Disaster Risk Reduction and Management Council (NDRRMC).</subfield>
  </datafield>
  <datafield tag="650" ind1="0" ind2="0">
   <subfield code="a">Environmental risk assessment</subfield>
   <subfield code="z">Philippines.</subfield>
  </datafield>
  <datafield tag="650" ind1="0" ind2="0">
   <subfield code="a">Emergency management</subfield>
   <subfield code="z">Philippines.</subfield>
  </datafield>
  <datafield tag="710" ind1="2" ind2=" ">
   <subfield code="a">Philippines.Department of National Defense.National Disaster Risk Reduction Management Council (NDRRMC).</subfield>
  </datafield>
  <datafield tag="852" ind1="0" ind2=" ">
   <subfield code="a">UPBAG</subfield>
   <subfield code="b">KTRC</subfield>
   <subfield code="h">GE 145 P45 2011</subfield>
  </datafield>
  <datafield tag="942" ind1=" " ind2=" ">
   <subfield code="a">Book</subfield>
  </datafield>
 </record>
</collection>
